Datum a čas kvízu
23
Celkem bodů
Celkový počet nahraných bodů na tomto kvízu bez doplňovacích otázek.
11.
Pořadí na kvízu
Konečné umístění týmu na tomto kvízu.
Zaznamenané odpovědi
| # | Otázka | Odpověď | Body | Výsledky |
|---|---|---|---|---|
| 1. | Jedinou ženou zvolenou v pátek... | Žídková | 0 | |
| 2. | Po téměř šestileté přestávce s... | Victoria’s Secret | 1 | |
| 3. | Na úterním pražském koncertu d... | Jonas Brothers | 1 | |
| 4. | Výrobce obuvi Crocs přišel s o... | pro psy | 0 | |
| 5. | Který český fotbalový útočník... | Jakub Řezníček | 0 | |
| 6. | Tentokrát se v gastronomickém... | tenderizér | 0 | |
| 7. | Napište dvě slova pocházející... | sous-vide | 1 | |
| 8. | Nyní se podíváme na symboly, k... | č. 4 | 0 | |
| 9. | Napište značku nádobí, kterou... | Remoska | 1 | |
| 10. | Tento nástroj je používán při... | ústřice | 1 |